Globalization and development : (Record no. 92733)

MARC details
000 -LEADER
fixed length control field 00893nam a22002297a 4500
005 - DATE AND TIME OF LATEST TRANSACTION
control field 20221228123802.0
010 ## - LCCN (DPL NO)
LC control number ENG-112579, ENG-135963
020 ## - INTERNATIONAL STANDARD BOOK NUMBER
International Standard Book Number 9789381904015
Terms of availability 495.00
035 ## - SYSTEM CONTROL NUMBER
System control number EN-96111, EN-119495
037 ## - SOURCE OF ACQUISITION
Source of stock number/acquisition DBAD/PUB
082 ## - DEWEY DECIMAL CLASSIFICATION NUMBER
Classification number 337
245 00 - TITLE STATEMENT
Title Globalization and development :
Statement of responsibility, etc edited by Shantanu Chakrabarti [and] Kingshuk Chatterjee
Remainder of title current trends /
260 ## - PUBLICATION, DISTRIBUTION, ETC. (IMPRINT)
Place of publication, distribution, etc New Delhi
Name of publisher, distributor, etc KW Publishers
Date of publication, distribution, etc 2012
270 ## - ADDRESS
Address 4676/21, First Floor, Ansari Road, Daryaganj,
City New Delhi
Postal code 110002
300 ## - PHYSICAL DESCRIPTION
Extent xi,169p.
Dimensions 24cm(Hb)
Other physical details reference
500 ## - GENERAL NOTE
General note Includes bibliographical references.
520 ## - SUMMARY, ETC.
Summary, etc Papers presented at a conference held at New York City during 18-19 November 2010.
650 ## - SUBJECT ADDED ENTRY--TOPICAL TERM
Topical term or geographic name as entry element Globalization
General subdivision Economic aspects |v Congresses.
700 ## - ADDED ENTRY--PERSONAL NAME
Personal name Chakrabarti, Shantanu
700 ## - ADDED ENTRY--PERSONAL NAME
Personal name Chatterjee, Kingshuk
942 ## - ADDED ENTRY ELEMENTS (KOHA)
Source of classification or shelving scheme Dewey Decimal Classification
Item type English Books
Call number suffix GLO
Classification part 337
Holdings
Withdrawn status Lost status Not for loan Collection code Home library Current library Date acquired Source of acquisition Cost, normal purchase price Full call number Barcode Copy number Cost, replacement price Koha item type
    Not For Loan Non-fiction D.B.Act.Division D.B.Act.Division 07/04/2015 DBAD/PUB 899.00 337 GLO EN-96111 1 899.00 English Books
      Non-fiction Peshwa Road Peshwa Road 28/12/2022 DBAD/PUB 495.00 337 GLO EN-119495 1 495.00 English Books

© Delhi Public Library
Hit Counter
free hit counter